000 00324nam a22001337a 4500
008 171003b xxu||||| |||| 00| 0 eng d
020 _a9781879537538
041 _aeng
080 _23 ED
_a159.9
100 _a48
101 _aPSI
245 _aCONNECTING CONTECT TEACHING AND LEARNING
_cDODGE.T
942 _2udc
_cBK
999 _c31513
_d31513